000 00399nam a22000977a 4500
100 _aकुमार,अजीत
_980218
245 _aख्‍वाजा अहमद अब्‍बास मेरी कथा-यात्रा आलिफ लैला 1956
260 _aदिल्‍ली
_bडी पी एस बुक्‍स
_c2019
650 _aकहानी
_980219
942 _cHIN
999 _c63651
_d63651